BIBLIOTHÈQUE DE LA MAISON DU MEXIQUE

Logo 1 Logo 2

Introducción al estudio del derecho (notice nᵒ 10644)

détails MARC
000 -Sello discográfico
campo de control de longitud fija 00859nam a2200265 4500
005 - Identificación de versión
campo de control 20251106152815.0
099 ## - fechas locales
Tipo de ítem Koha LIBRO
100 ## - Datos de procesamiento general
Datos de procesamiento general 20040120d1953 m y1spay5003 ba
101 ## - Idioma del recurso
Idioma del texto, banda sonora, etc. Español; Castellano
105 ## - Campo de datos codificados: Material textual, monográfico
Datos codificados de monografía y 001zy
200 1# - Título y mención de responsabilidad
Título propio Introducción al estudio del derecho
Designación general del material texto impreso
Primer mención de responsabilidad Eduardo García Maynez
Declaración de responsabilidad subsiguiente prólogo Virgilio Domínguez
205 ## - Declaración de edición
Declaración de edición 5a ed ref
210 ## - Publicación, distribución, etc.
Lugar de publicación, distribución, etc. México
Nombre del editor, distribuidor, etc. Editorial Porrúa
Fecha de publicación, distribución, etc. 1953
215 ## - Descripción física
Designación de material específico y extensión del ítem 444 p
Dimensiones 24 cm
345 ## - Nota de información de adquisición
Fuente de adquisición/dirección de la suscripción [OBSOLETO] Donación
606 ## - Término temático usado como materia
Elemento de entrada Derecho
Subdivisión temática Estudio y enseñanza
Número Koha 17129
660 ## - Código de área geográfica
Código MX
700 ## - Nombre personal - Responsabilidad primaria
Elemento de entrada García Máynez
Parte del nombre distinta del elemento de entrada Eduardo
Fechas 1908-1993
Número Koha 1901
702 ## - Nombre personal - Responsabilidad secundaria
Elemento de entrada Domínguez Amezcua
Parte del nombre distinta del elemento de entrada Virgilio
Fechas 1904-1985
Número Koha 17130
801 #0 - Fuente de origen
País FR
Agencia cm
Reglas de catalogación (convenciones descriptivas) AFNOR
856 ## - Localización electrónica y acceso
Identificador Uniforme de Recurso https://clea.edu.mx/biblioteca/files/original/7b4d486d917ba42ff21a36b27b0b41cc.pdf
942 ## - ELEMENTOS DE ENTRADA SECUNDARIOS (KOHA)
Tipo de ítem Koha Livre
Exemplaires
Estatus retirado Estado de daño Estado de pérdida Fecha de adquisición Biblioteca de origen Biblioteca actual Ubicación en estantería Código de barras Precio de reemplazo Signatura topográfica completa No para préstamo Tipo de ítem Koha Nota pública Nota no pública
      05/08/2025 Casa México Paris Casa México Paris   007768 05/08/2025 340 G216I   Livre 20230327LIV 751145101